000 00551nam a2200193 i 4500
001 61616
003 ES-MaACL
005 20250807232849.0
007 t|
008 031113q19501959sp ||||1| spa d
100 1 _aFábregas, Marta.
_948554
245 1 0 _aLucrecia Borgia /
_cMarta Fábregas.
260 _aBarcelona :
_bMateu,
_c[195-?] (
_fDiamante)
300 _a254 p. ;
_c19 cm.
490 1 _aMujeres insignes "cadetes"
830 0 0 _aMujeres insignes
_9231019
852 _aES-MaACL
_jC-11427
_bR.39293
999 _c61616
_d61616